|
|
|
|
| LEADER |
01172nam a22003132a 4500 |
| 001 |
000334836 |
| 003 |
CZ BrMZK |
| 005 |
20190805090228.0 |
| 007 |
ta |
| 008 |
980115s1992 xr f cze d |
| 015 |
|
|
|a cnb000072706
|
| 020 |
|
|
|a 80-900271-9-9
|q (brož.)
|
| 035 |
|
|
|a (OCoLC)39592688
|
| 040 |
|
|
|a ABA001
|b cze
|d BOA001
|
| 080 |
9 |
|
|a 347
|
| 100 |
1 |
|
|a Zdobinský, Stanislav,
|d 1927-
|7 jk01152312
|4 aut
|
| 245 |
1 |
0 |
|a Sousedské právo /
|c Stanislav Zdobinský, Jiří Hřebejk
|
| 250 |
|
|
|a 1. vyd.
|
| 260 |
|
|
|a Praha :
|b Nuga,
|c 1992
|
| 300 |
|
|
|a 60 s. ;
|c 21 cm
|
| 500 |
|
|
|a Dostupné též v digitální podobě v aplikaci Kramerius
|
| 653 |
0 |
|
|a občanský zákoník
|a sousedská práva
|a sousedské vztahy
|a Československo
|
| 655 |
|
7 |
|a příručky
|7 fd133209
|2 czenas
|
| 655 |
|
7 |
|a právní předpisy
|7 fd133151
|2 czenas
|
| 700 |
1 |
|
|a Hřebejk, Jiří,
|d 1955-
|7 jn99240000343
|4 aut
|
| 856 |
4 |
1 |
|u http://www.digitalniknihovna.cz/mzk/uuid/uuid:6e12a480-b82f-11e9-8fdf-005056827e52
|y Digitalizovaný dokument
|x NDK
|
| 910 |
|
|
|a BOA001
|b 2-0985.096
|
| 990 |
|
|
|a BK
|
| 996 |
6 |
|
|b 2619792756
|c 2-0985.096
|l MZK
|r Sklad / do 1 hodiny
|n 9
|w 000334836
|u 000010
|a 1
|e BOA001
|j MZK50
|s P
|